01164cam a22002897a 4500001000500000005001700005008004100022020002400063040002300087050001300110082000800123100001900131245011100150260003500261300004200296500005100338505000800389520016600397521002100563521002000584700002800604700003200632906004500664942001500709999001500724952013500739102520230815152839.0940415s1993 nyua 000 0 eng  a0590470701 (pbk.) : aDLCcDLCdDLCbeng00aPZ7.D128 aFic1 aDadey, Debbie.10aAliens don't wear braces /bby Debbie Dadey and Marcia Thornton Jones ; illustrated by John Steven Gurney. aNew York :bScholastic,c1993. a74 pages. :billustrations. ;c20 cm. aSource: Copyright deposit, Dec. 21, 1993.5DLC aN  aStrange doings seem to erupt whenever Mrs. Zork, the substitute art teacher shows up, in this most far-out adventure yet about the fun-filled Bailey School kids. a570 bLexile  aN bRaz-Plus 1 aJones, Marcia Thornton.1 aGurney, John Steven,d1962- a7bcbccorignewduencipf19gy-gencatlg 2ddccBKn0 c1025d1025 00102ddc40708JUVFa001b001cTTPd2023-07-18l1oDAD Fic PZ7.D128pFISBK00514r2024-01-08 11:56:48s2023-12-11w2023-07-18yBK